The noble scholar, jurist, historian


 His Excellency Dr. Abdul Wahhab bin Ibrahim Abu Sulaiman, may Allah have mercy on him.


 He was born in Umm Al-Qura in the year 1356 AH.

كتاب الحدود الكلامية و الفقهية على رأي أهل السنة الأشعرية / (Record no. 11626)

MARC details
000 -LEADER
fixed length control field 01466cam a22003011i 4500
003 - CONTROL NUMBER IDENTIFIER
control field SA_RiAUC
005 - DATE AND TIME OF LATEST TRANSACTION
control field 20250911122923.0
008 - FIXED-LENGTH DATA ELEMENTS--GENERAL INFORMATION
fixed length control field 250910s2008____ti g b 001 0 ara c
040 ## - CATALOGING SOURCE
Original cataloging agency SA-JeALM
Language of cataloging ara
Transcribing agency SA-RiAUC
Description conventions rda
082 04 - DEWEY DECIMAL CLASSIFICATION NUMBER
Classification number 245.8
090 ## - LOCALLY ASSIGNED LC-TYPE CALL NUMBER (OCLC); LOCAL CALL NUMBER (RLIN)
Classification number (OCLC) (R) ; Classification number, CALL (RLIN) (NR) 245.8
Local cutter number (OCLC) ; Book number/undivided call number, CALL (RLIN) ا ب ن س
100 1# - MAIN ENTRY--PERSONAL NAME
Personal name ابن سابق الصقلي، محمد بن سابق،
Dates associated with a name توفي 493 هجري
Relator term مؤلف.
245 10 - TITLE STATEMENT
Title كتاب الحدود الكلامية و الفقهية على رأي أهل السنة الأشعرية /
Remainder of title ومعه مسألة الشارع في القرآن
Statement of responsibility, etc. تأليف أبي بكر محمد بن سابق الصقلي ؛ تحقيق محمد الطبراني.
246 30 - VARYING FORM OF TITLE
Title proper/short title الحدود الكلامية و الفقهية على رأي أهل السنة الأشعرية
250 ## - EDITION STATEMENT
Edition statement الطبعة الأولى.
264 #1 - PRODUCTION, PUBLICATION, DISTRIBUTION, MANUFACTURE, AND COPYRIGHT NOTICE
Place of production, publication, distribution, manufacture تونس :
Name of producer, publisher, distributor, manufacturer دار الغرب الإسلامي،
Date of production, publication, distribution, manufacture, or copyright notice 2008
300 ## - PHYSICAL DESCRIPTION
Extent 268 صفحة ؛
Dimensions 24 سم
336 ## - CONTENT TYPE
Content type term نص
Content type code txt
Source rdacontent
Materials specified كتاب
337 ## - MEDIA TYPE
Media type term بدون وسيط
Media type code n
Source rdamedia
338 ## - CARRIER TYPE
Carrier type term مجلد
Carrier type code nc
Source rdacarrier
501 ## - WITH NOTE
With note مع : مسألة الشارع في القرآن / لابن الرماح.
504 ## - BIBLIOGRAPHY, ETC. NOTE
Bibliography, etc. note يشتمل على ببليوجرافية.
650 #7 - SUBJECT ADDED ENTRY--TOPICAL TERM
Topical term or geographic name entry element الأشاعرة (فرقة إسلامية)
Source of heading or term aucsh
700 1# - ADDED ENTRY--PERSONAL NAME
Personal name الطبراني، محمد،
Dates associated with a name 1974-
Relator term محقق.
740 02 - ADDED ENTRY--UNCONTROLLED RELATED/ANALYTICAL TITLE
Uncontrolled related/analytical title مسألة الشارع في القرآن.
942 ## - ADDED ENTRY ELEMENTS (KOHA)
Source of classification or shelving scheme Dewey Decimal Classification
Koha item type Books
Suppress in OPAC No
949 ## - LOCAL PROCESSING INFORMATION (OCLC)
a SA-JeALM
d 250910
u osman123
n 1
Holdings
Withdrawn status Lost status Source of classification or shelving scheme Damaged status Not for loan Home library Current library Date acquired Total checkouts Full call number Barcode Date last seen Price effective from Koha item type
    Dewey Decimal Classification     DR AbdElwahab Library DR AbdElwahab Library 09/11/2025   245.8 ا ب ن س 000018778 09/11/2025 09/11/2025 Books